| 000 | 00423nam a22001457a 4500 | ||
|---|---|---|---|
| 003 | OSt | ||
| 005 | 20151001135525.0 | ||
| 008 | 151001b xxu||||| |||| 00| 0 eng d | ||
| 040 | _cRUA | ||
| 082 | _aAGR POE 2002 B062 Or.1 | ||
| 100 |
_91683 _aPOEU, RADETH. |
||
| 245 | _aEffet de la supple`mentation en feuilles de manioc fermente`es sur la croissance des poulets dechair. | ||
| 300 |
_a33p. _bill. _c29cm. |
||
| 942 |
_2ddc _cAGR |
||
| 999 |
_c1585 _d1585 |
||